000 01341nam a2200325 a 4500
001 59683
003 BD-RjUL
005 20211209080746.0
008 161226s1997 pk b 001 0 eng u
020 _a8174351004
035 _a(BD-RjUL)59807
035 _a(CStRLIN)NYUGB12236841-B
040 _cUPRA
_dNNC-L
_dCStRLIN
_aBD-RjUL
_beng
041 _aeng
082 _a340.5901
_bMAS 1997
100 1 _aMasud, Muhammad Khalid,
_d1939-
_9177618
245 1 0 _aShāṭibī's philosophy of Islamic law /
_cMuhammad Khalid Masud.
260 _aIslamabad, Pakistan :
_bIslamic Research Institute :
_bInternational Islamic University,
_cc1997
300 _ax, 294 p. ;
_c25 cm.
490 1 _aPublication / Islamic Research Institute, Islamabad ;
_vno. 96
500 _aRevised and enlarged version of: Islamic legal philosophy
504 _aIncludes bibliographical references (p. 256-273) and index.
600 1 0 _aShāṭibī, Ibrāhīm ibn Mūsá,
_d-1388.
_9177627
650 0 _aIslamic law
_xPhilosophy.
_9177620
650 0 _aIslamic law
_xInterpretation and construction
_xHistory.
_9177621
710 2 _aIslamic Research Institute (Pakistan)
_9177622
710 2 _aInternational Islamic University (Islāmābād, Pakistan)
_9177623
830 0 _aPublication (Islamic Research Institute (Pakistan)) ;
_vno. 96.
_9177628
942 _2ddc
_cBK
999 _c59683
_d59683